000
00287nam a22001337a 4500
008
170619b xxu||||| |||| 00| 0 eng d
020
_a
9780205884032
041
_a
eng
080
_a
32
100
_a
20
101
_a
SHP
245
_a
POLITICS IN AMERICA
_c
DYE.TH.R
942
_2
udc
_c
BK
999
_c
18000
_d
18000